[Event "Luanda Energias Cup"]
[Site "Luanda"]
[Date "2023.07.14"]
[Round "9"]
[White "Cambando, Jose"]
[Black "Agnelo, Amorim"]
[Result "1/2-1/2"]
[WhiteElo "2108"]
[BlackElo "2152"]
[PlyCount "43"]
[EventDate "2023.07.08"]
[EventType "tourn"]
[EventRounds "9"]
[EventCountry "ANG"]
[SourceTitle "EXT 2024"]
[Source "ChessBase"]
[SourceDate "2023.10.10"]
[SourceVersion "1"]
[SourceVersionDate "2023.10.10"]
[SourceQuality "1"]

1. Nf3 Nf6 2. g3 d5 3. Bg2 c5 4. 0-0 Nc6 5. d4 e6 6. c4 Be7 7. cxd5 Nxd5 8. Nc3 Nxc3 9. bxc3 0-0 10. e4 cxd4 11. cxd4 Qa5 12. Be3 Rd8 13. Qb3 h6 14. Rfd1 Qa3 15. Qc4 Na5 16. Qc2 Bd7 17. Rd3 Qa4 18. Qc1 Rac8 19. Qd1 Qxd1+ 20. Raxd1 Ba4 21. Re1 Bd7 22. Rb1 1/2-1/2

[Event "African Online op"]
[Site "Tornelo INT"]
[Date "2021.02.04"]
[Round "7"]
[White "Cambando, Jose"]
[Black "Beukes, Dante M"]
[Result "0-1"]
[WhiteElo "2128"]
[BlackElo "2206"]
[PlyCount "96"]
[EventDate "2021.02.01"]
[EventType "swiss (rapid)"]
[EventRounds "9"]
[EventCountry "NET"]
[SourceTitle "CBM 200 Extra"]
[Source "ChessBase"]
[SourceDate "2021.03.31"]
[SourceVersion "1"]
[SourceVersionDate "2021.03.31"]
[SourceQuality "1"]

1. Nf3 Nf6 2. g3 g6 3. Bg2 Bg7 4. 0-0 0-0 5. d3 d6 6. c4 Nc6 7. Nc3 Nh5 8. h3 f5 9. a3 e5 10. e4 f4 11. g4 Nf6 12. Nd5 Ne7 13. d4 Nexd5 14. cxd5 Nxe4 15. Re1 Ng5 16. dxe5 Nxf3+ 17. Qxf3 Bxe5 18. a4 a5 19. Ra3 Qf6 20. Rb3 b6 21. Bf1 Qg5 22. Rc3 Rf7 23. Bg2 Bxc3 24. Qxc3 Bb7 25. Qd3 Raf8 26. Bd2 Re7 27. Rf1 h5 28. Bf3 Bc8 29. Bg2 hxg4 30. hxg4 Qxg4 31. f3 Qf5 32. Qc4 Bb7 33. Bc3 Qxd5 34. Qxd5+ Bxd5 35. Rd1 Bb3 36. Rd4 d5 37. Bd2 g5 38. Rd3 Bc4 39. Rc3 Re2 40. Bc1 Re1+ 41. Kh2 Rf7 42. Kh3 Rh7+ 43. Kg4 Rg1 44. b3 Rxg2+ 45. Kf5 Rf7+ 46. Kg6 g4 47. fxg4 Rxg4+ 48. Kh5 Be2 0-1

[Event "African Online op"]
[Site "Tornelo INT"]
[Date "2021.02.04"]
[Round "6"]
[White "Cambando, Jose"]
[Black "Bongo Akanga Ndjila, Barthelemy"]
[Result "1-0"]
[WhiteElo "2128"]
[BlackElo "1803"]
[PlyCount "81"]
[EventDate "2021.02.01"]
[EventType "swiss (rapid)"]
[EventRounds "9"]
[EventCountry "NET"]
[SourceTitle "CBM 200 Extra"]
[Source "ChessBase"]
[SourceDate "2021.03.31"]
[SourceVersion "1"]
[SourceVersionDate "2021.03.31"]
[SourceQuality "1"]

1. Nf3 d5 2. g3 c6 3. Bg2 Nf6 4. 0-0 Bf5 5. d3 e6 6. Nbd2 Be7 7. c4 h6 8. h3 0-0 9. a3 a5 10. b3 Bh7 11. Bb2 Nbd7 12. Qc2 a4 13. b4 dxc4 14. Nxc4 Nd5 15. Rac1 Bf6 16. Na5 Bxb2 17. Qxb2 Qb8 18. Rc2 Rc8 19. Rfc1 N7b6 20. e4 Nc7 21. Qd4 Qa7 22. Nxc6 bxc6 23. Rxc6 Rab8 24. R1c5 Bg6 25. Qc3 Nba8 26. Ne5 Kh7 27. d4 Nb5 28. Rxb5 Rxb5 29. Rxc8 Rb7 30. Nxg6 Kxg6 31. e5 Rc7 32. Qd3+ f5 33. exf6+ Kxf6 34. Rxa8 Rc1+ 35. Kh2 Qc7 36. Qf3+ Kg6 37. Qe4+ Kf6 38. Rf8+ Ke7 39. Qa8 Ra1 40. Qe8+ Kd6 41. Rf7 1-0

[Event "Florianopolis op 3rd"]
[Site "Florianopolis"]
[Date "2017.01.21"]
[Round "3"]
[White "Mignoni, Yussana Caue"]
[Black "Cambando, Jose"]
[Result "0-1"]
[WhiteElo "1777"]
[BlackElo "2193"]
[PlyCount "106"]
[EventDate "2017.01.20"]
[EventType "swiss"]
[EventRounds "10"]
[EventCountry "BRA"]
[SourceTitle "CBM 176 Extra"]
[Source "ChessBase"]
[SourceDate "2017.03.02"]
[SourceVersion "1"]
[SourceVersionDate "2017.03.02"]
[SourceQuality "1"]

1. e4 c5 2. Nc3 Nc6 3. g3 e6 4. Bg2 Nf6 5. Nge2 Be7 6. 0-0 0-0 7. Kh1 d5 8. exd5 exd5 9. d4 Bg4 10. h3 cxd4 11. hxg4 dxc3 12. Nxc3 d4 13. Ne4 Nxe4 14. Bxe4 g6 15. f4 Bf6 16. Qf3 Qd7 17. Rf2 Rae8 18. g5 Bg7 19. g4 Re7 20. Bd2 Rfe8 21. Bd3 h6 22. f5 Ne5 23. Qh3 Nxd3 24. Qxd3 hxg5 25. fxg6 Qc6+ 26. Kg1 fxg6 27. Bxg5 Re4 28. Qb3+ Qe6 29. Qxe6+ R8xe6 30. Rg2 Re1+ 31. Rxe1 Rxe1+ 32. Kf2 Rb1 33. b3 Rb2 34. Kf3 Rxa2 35. Re2 Ra5 36. Kf4 Rc5 37. Re8+ Kh7 38. Re7 Rxc2 39. Rxb7 a6 40. Rd7 Rc6 41. Ke4 Re6+ 42. Kd3 Kg8 43. Rd8+ Kf7 44. Rd7+ Kf8 45. Rd8+ Kf7 46. Rd7+ Kg8 47. Rd8+ Kh7 48. Rd7 Kh8 49. Rd8+ Kh7 50. Rd7 Rb6 51. Ke4 Rc6 52. Kd5 Rb6 53. Kc5 Rb5+ 0-1

[Event "Windhoek zt 4.3"]
[Site "Windhoek"]
[Date "2014.06.23"]
[Round "1"]
[White "Agnelo, Amorim"]
[Black "Cambando, Jose"]
[Result "1-0"]
[WhiteElo "2198"]
[BlackElo "2077"]
[PlyCount "39"]
[EventDate "2014.06.23"]
[EventType "swiss"]
[EventRounds "9"]
[EventCountry "NAM"]
[SourceTitle "EXT 2015"]
[Source "ChessBase"]
[SourceDate "2014.11.20"]
[SourceVersion "1"]
[SourceVersionDate "2014.11.20"]
[SourceQuality "1"]

1. d4 Nf6 2. c4 d6 3. Nc3 Nbd7 4. e4 e5 5. Nf3 Be7 6. Be2 0-0 7. 0-0 c6 8. Qc2 a5 9. b3 Re8 10. Rd1 Qc7 11. Bb2 b6 12. Rac1 Bb7 13. a3 c5 14. dxe5 dxe5 15. Nd5 Nxd5 16. cxd5 Bd6 17. Bb5 Ba6 18. Bc4 Ra7 19. Nh4 g6 20. Qe2 1-0

[Event "Olympiad-40"]
[Site "Istanbul"]
[Date "2012.09.09"]
[Round "11.4"]
[White "Cambando, Jose"]
[Black "Ladva, Ottomar"]
[Result "0-1"]
[WhiteElo "2044"]
[BlackElo "2153"]
[PlyCount "112"]
[EventDate "2012.08.28"]
[EventType "team-swiss"]
[EventRounds "11"]
[EventCountry "TUR"]
[SourceTitle "CBM 151"]
[Source "ChessBase"]
[SourceDate "2012.11.13"]
[SourceVersion "1"]
[SourceVersionDate "2012.11.13"]
[SourceQuality "1"]
[WhiteTeam "Angola"]
[BlackTeam "Estonia"]
[WhiteTeamCountry "ANG"]
[BlackTeamCountry "EST"]

1. d4 d5 2. Nf3 Nf6 3. c4 e6 4. g3 Bb4+ 5. Bd2 Be7 6. Bg2 0-0 7. cxd5 exd5 8. 0-0 c6 9. Nc3 Bf5 10. Qb3 Qb6 11. Qxb6 axb6 12. Ne5 b5 13. f3 b4 14. Nd1 Na6 15. Nf2 Nc7 16. Ned3 Na6 17. Rfc1 Bg6 18. e4 Rfd8 19. e5 Ne8 20. Bf1 Nec7 21. Nc5 Nxc5 22. dxc5 Ne6 23. Bxb4 Nd4 24. f4 Nc2 25. Rxc2 Bxc2 26. Bd3 Ra4 27. a3 Bxd3 28. Nxd3 g6 29. Kf2 Re8 30. Re1 Raa8 31. Kf3 Bd8 32. Bc3 Ba5 33. b4 Bd8 34. Bb2 b6 35. cxb6 Bxb6 36. g4 Rab8 37. Rc1 Rec8 38. Rc2 Kf8 39. f5 gxf5 40. gxf5 Ke7 41. e6 f6 42. Nf4 Bc7 43. Nd3 Bd6 44. a4 h5 45. Bd4 h4 46. a5 Ra8 47. Rg2 Rg8 48. Rxg8 Rxg8 49. a6 Bxh2 50. a7 h3 51. Nf2 Be5 52. Bc5+ Bd6 53. Nxh3 Bxc5 54. bxc5 Ra8 55. Nf4 Rxa7 56. Ng6+ Ke8 0-1

[Event "Olympiad-40"]
[Site "Istanbul"]
[Date "2012.09.06"]
[Round "9.4"]
[White "Cambando, Jose"]
[Black "Li, Zuhao Luke"]
[Result "0-1"]
[WhiteElo "2044"]
[BlackElo "2227"]
[PlyCount "176"]
[EventDate "2012.08.28"]
[EventType "team-swiss"]
[EventRounds "11"]
[EventCountry "TUR"]
[SourceTitle "CBM 151"]
[Source "ChessBase"]
[SourceDate "2012.11.13"]
[SourceVersion "1"]
[SourceVersionDate "2012.11.13"]
[SourceQuality "1"]
[WhiteTeam "Angola"]
[BlackTeam "New Zealand"]
[WhiteTeamCountry "ANG"]
[BlackTeamCountry "NZL"]

1. e4 e6 2. d4 d5 3. Nc3 Nc6 4. e5 f6 5. exf6 Nxf6 6. Nf3 Bd6 7. Bd3 0-0 8. 0-0 e5 9. dxe5 Nxe5 10. Nxe5 Bxe5 11. Bg5 c6 12. Bh4 Qb6 13. Rb1 Bg4 14. Qd2 Rae8 15. Bg3 Nd7 16. Na4 Qc7 17. b4 Bxg3 18. hxg3 Qe5 19. Nc5 Qh5 20. Nxd7 Bxd7 21. Rbe1 Qf7 22. Rxe8 Rxe8 23. Re1 Rxe1+ 24. Qxe1 Qe6 25. Qxe6+ Bxe6 26. f4 Kf7 27. Kf2 g6 28. Ke3 Ke7 29. a3 Kd6 30. Kf3 b6 31. g4 Bf7 32. g5 c5 33. c3 a5 34. bxa5 bxa5 35. Ke3 Be6 36. g3 Bf5 37. Be2 Bd7 38. Bd3 Ke6 39. Bf1 Kd6 40. Be2 Bf5 41. Bf3 Bc2 42. Be2 Kc6 43. Bf1 Bd1 44. Bd3 Bg4 45. Bf1 Be6 46. Be2 Kd7 47. Bd3 Ke7 48. Kf3 Bf5 49. Be2 Kf7 50. Ke3 Kg7 51. Bf3 Be6 52. g4 Kf7 53. f5 gxf5 54. gxf5 Bxf5 55. Bxd5+ Kg6 56. Kf4 Bd3 57. Bc6 Kh5 58. Bf3+ Kh4 59. Bg4 Bc2 60. Be6 Bd3 61. c4 Kh5 62. Bd5 Kh4 63. Be6 Kh5 64. Bd5 Kh4 65. Ke5 Kxg5 66. Kd6 h5 67. Kxc5 h4 68. Kd6 h3 69. c5 h2 70. c6 Kf6 71. c7 Bf5 72. a4 Bc8 73. Bc6 Bf5 74. Bh1 Bc8 75. Bc6 Bf5 76. Bb7 Bg4 77. Kc5 Bc8 78. Bh1 Ke7 79. Kc6 Ke6 80. Bg2 Ke7 81. Bd5 Bd7+ 82. Kb7 Kd6 83. Bf3 Kc5 84. c8Q+ Bxc8+ 85. Kxc8 Kb4 86. Kd7 Kxa4 87. Ke6 Kb4 88. Kd5 a4 0-1